• 首页
  • 本馆介绍
  • 公告通知
  • 最新文献
  • 馆藏检索
  • 电子资源
  • 读者导购
  • 参考咨询
  • 我的图书馆
  • 登录
  • 详细信息显示
  • 放入我的书架
  • 预约/预借图书
  • 作者相关作品
  • 分类相关作品
  • 丛书相关作品
  • 出版社相关作品

书目信息

  • 表格格式
  • 工作单格式
  • 卡片格式
题名:
道家、密宗与东方神秘学
    
 
作者: 南怀瑾 编著
分册:  
出版信息: 上海   复旦大学出版社  2000.3
页数: 328页
开本: 20cm
丛书名:
单 册:
中图分类: R-092
科图分类:
主题词: 禅宗--研究
电子资源:
ISBN: 978-7-309-01820-2
000 00638nam0 2200217 45
001 1359680906
005 20130529085811.29
010    @a978-7-309-01820-2@dCNY21.00
100    @a20130513d2000 emky0chiy0120 ea
101 0  @achi
102    @aCN@b310000
105    @aa z 000yy
106    @ar
200 1  @a道家、密宗与东方神秘学@ADao Jia、 Mi Zong Yu Dong Fang Shen Mi Xue@f南怀瑾编著@FNan Huai Jin Bian Zhu
210    @a上海@c复旦大学出版社@d2000.3
215    @a328页@d20cm
606  0 @a禅宗@x研究
690    @aR-092@v5
701  0 @a南怀瑾@ANan Huai Jin@e@4编著
801    @aCN@bTANGWEI@c20130522
905    @b0833058-63@dR-092@e24@f6
    
    道家、密宗与东方神秘学/南怀瑾编著.-上海:复旦大学出版社,2000.3
    328页;20cm
    
    
    ISBN 978-7-309-01820-2:CNY21.00
    
●
相关链接 在E读中查询图书 在五车中查询图书 在当当中查询图书 在豆瓣中查询图书


正题名:道家、密宗与东方神秘学     索取号:R-092/24         预约/预借

序号 登录号 条形码 馆藏地/架位号 状态 备注
1 0833058   208330581   第二样本阅览室/ [索取号:R-092/24] 在馆    
2 0833059   208330590   教育系资料室/ [索取号:R-092/24] 在馆    
3 0833060   208330607   教育系资料室/ [索取号:R-092/24] 在馆    
4 0833061   208330616   第三借阅区/ [索取号:R-092/24] 在馆    
5 0833062   208330625   第三借阅区/ [索取号:R-092/24] 在馆    
6 0833063   208330634   教育系资料室/ [索取号:R-092/24] 在馆    
唐山师范学院图书馆 欢迎您!
大连网信软件有限公司© 版权所有